Vista normal
Vista MARC
Entrada Personal Name
Número de registros utilizados en: 1
001 - CONTROL NUMBER
- control field: 17316
003 - CONTROL NUMBER IDENTIFIER
- control field: DLC
005 - DATE AND TIME OF LATEST TRANSACTION
- control field: 20250714091317.0
008 - FIXED-LENGTH DATA ELEMENTS
- fixed length control field: 980514n| azannaabn |a aaa c
010 ## - LIBRARY OF CONGRESS CONTROL NUMBER
- LC control number: no 98085316
035 ## - SYSTEM CONTROL NUMBER
- System control number: (OCoLC)oca04729324
040 ## - CATALOGING SOURCE
- Original cataloging agency: DGU
- Language of cataloging: spa
- Description conventions: rda
- Transcribing agency: Mx-PuUPA
- Modifying agency: DLC
- Modifying agency: OCoLC
- Modifying agency: NcD
- Modifying agency: DLC
- Modifying agency: Mx-PuUPA
046 ## - SPECIAL CODED DATES
- Birth date: 19560118
- Source of date scheme: edtf
100 1# - HEADING--PERSONAL NAME
- Personal name: Fuentes, Mario Luis,
- Dates associated with a name: 1956-
373 ## - ASSOCIATED GROUP
- Associated group: Universidad Nacional Autónoma de México
- Source of term: naf
374 ## - OCCUPATION
- Occupation: Autor
375 ## - GENDER
- Gender: hombre
377 ## - ASSOCIATED LANGUAGE
- Language code: spa
400 1# - SEE FROM TRACING--PERSONAL NAME
- Personal name: Fuentes A., Mario Luis
- Dates associated with a name: 1956-
400 1# - SEE FROM TRACING--PERSONAL NAME
- Control subfield: nne
- Personal name: Fuentes Alcalá, Mario Luis
- Dates associated with a name: 1956-
400 1# - SEE FROM TRACING--PERSONAL NAME
- Personal name: Alcalá, Mario Luis Fuentes
- Dates associated with a name: 1956-
670 ## - SOURCE DATA FOUND
- Source citation: La reforma del Estado mexicano en los nuevos escenarios internacionales, 1996, c1995:
- Information found: t.p. (Mario Luis Fuentes) p. viii (Mario Luis Fuentes A.)
670 ## - SOURCE DATA FOUND
- Source citation: His La asistencia social en México, 1998:
- Information found: t.p. (Mario Luis Fuentes) p. 4 of cover (b. 1956; ha sido profesor de la Facultad de Ciencias Políticas y Sociales de la UNAM)
670 ## - SOURCE DATA FOUND
- Source citation: México 2012 : la responsabilidad del porvenir, 2012 :
- Information found: t.p. (Mario Luis Fuentes Alcalá)
670 ## - SOURCE DATA FOUND
- Source citation: México social, 2015:
- Information found: t.p. (Mario Luis Fuentes) cover (Mario Luis Fuentes Alcalá)
670 ## - SOURCE DATA FOUND
- Source citation: Spanish Wikipedia, March 30, 2016
- Information found: (Mario Luis Fuentes Alcalá; b. Jan. 18, 1956; Mexican politician and economist associated with PRI; of UNAM)